| 000 | 01754nam a2200433 c 4500 | ||
|---|---|---|---|
| 003 | BLK | ||
| 005 | 20240716092748.0 | ||
| 008 | 180408b bul|||||r ||||||| ||bul|| | ||
| 010 | _aKNG00084896000 | ||
| 040 | _aBLK | ||
| 041 |
_aBUL _cBUL |
||
| 072 | 7 |
_2bullib _aЛ01 _xЗаболявания |
|
| 080 |
_aГинекология. Акушерство. Използват се спец. опред. към 616 (-001/-009;-01/-09;-7) _b618 _x(02.062) _z618(02.062) |
||
| 080 |
_aНародна медицина. Лечение с домашни средства _b615.89 _x(497.2)(083.1) _z615.89(497.2)(083.1) |
||
| 100 | 1 |
_aДимков, Петър Иванов _eпърви автор _9364156 |
|
| 139 |
_aДимков, Петър Иванов _bД 59 |
||
| 245 | 1 | 0 |
_aРецептите на Петър Димков _bЗа жената _cПетър Иванов Димков. |
| 257 | _aBGR | ||
| 260 |
_аСофия _bв. 24 часа _c2008 _fПловдив : Багра |
||
| 300 |
_a94 с. _c21 см |
||
| 380 | _a61 | ||
| 490 | 1 | _aДокторе, кажи! | |
| 490 | 1 |
_3Подсерия _a500 билки за 50 болести _v10 |
|
| 500 | _aISSN 0861-4067 | ||
| 650 | 4 |
_aПолови органи, женски - болести _9245139 |
|
| 650 | 4 |
_aБременност _9149171 |
|
| 650 | 4 |
_aНародна медицина - България - рецепти _9245889 |
|
| 653 | _aнародна медицина | ||
| 653 | _aжени | ||
| 653 | _aболести | ||
| 653 | _aнаръчници | ||
| 659 | _aЛ | ||
| 852 | _aЦб 240788 | ||
| 856 | 4 |
_qpdf _u |
|
| 856 | 4 |
_qpdf _u |
|
| 942 |
_cKNG _n0 _05 |
||
| 944 |
_aCR _c19.08.2008 _k30542 _lРусанова Ирена |
||
| 944 |
_aED _c23.07.2012 _k |
||
| 999 |
_c80410 _d80410 |
||